000 00483cam a2200193ua 4500
001 11371
005 20260515114738.0
008 190916n ii |||gr||||Z||||||eng
020 _a9788174763068
040 _cMAIN
082 _a883.01
100 _aHomer,
_eAuthor.
245 _aThe Iliad
_cBy Homer
260 _aNe Delhi:
_bUBS Publishers Distributors,
_c2012.
300 _a424p.
653 _aClassical Greek epic poetry & fiction
653 _aGreek Tragedy
942 _cBK
999 _c10203
_d10203